00721nam a2200241 a 4500001001300000003000900013005001700022008004100039020000900080082001500089100002400104245006200128260003300190300000900223500003500232505001000267650002000277700002400297902000800321942000700329952012600336999001700462nice12345678IN_TiNIC20260116013344.0050524s1996 dela grp 000 0 eng  ac3500a297.8bBHA aBhat, Abdur Rasheed aPolitical Thought of Shah Waliullah (an Analytical Study) aDelhibAdam Publishersc1996 a102p aincludes index and biblioraphy2 aIndex aIslamic-Renewal1 aBhat, Abdur Rasheed bSRS cBK 001040708StackRoom-aHMIbHMId2007-07-13g35.00l3o297.8 BHAp018246r2019-09-26s2019-09-23v35.00w2005-05-24yBK c10686d10686